ბათუმის შოთა რუსთაველის სახელმწიფო უნივერსიტეტის ბიბლიოთეკა

Шлиман / (ბიბ.ჩანაწერი № 61238)

000 -LEADER
fixed length control field 00530nam a22001697a 4500
005 - DATE AND TIME OF LATEST TRANSACTION
control field 20240109170346.0
008 - FIXED-LENGTH DATA ELEMENTS--GENERAL INFORMATION
fixed length control field 240109s1966 ru ||||| |||| 00| 0 rus d
041 ## - LANGUAGE CODE
Language code of text/sound track or separate title rus
080 ## - UNIVERSAL DECIMAL CLASSIFICATION NUMBER
Universal Decimal Classification number 902.6 М-45
100 ## - MAIN ENTRY--PERSONAL NAME
Personal name Мейерович, М.
9 (RLIN) 20999
245 ## - TITLE STATEMENT
Title Шлиман /
Statement of responsibility, etc. М. Мейерович.
264 ## - PRODUCTION, PUBLICATION, DISTRIBUTION, MANUFACTURE, AND COPYRIGHT NOTICE
Place of production, publication, distribution, manufacture Москва :
Name of producer, publisher, distributor, manufacturer Детская литература,
Date of production, publication, distribution, manufacture, or copyright notice 1966.
300 ## - PHYSICAL DESCRIPTION
Extent 190 с.:
Other physical details ил. ;
Dimensions 21 см.
653 ## - INDEX TERM--UNCONTROLLED
keyword შლიმანი
653 ## - INDEX TERM--UNCONTROLLED
keyword არქეოლოგია
942 ## - ADDED ENTRY ELEMENTS (KOHA)
Source of classification or shelving scheme
Koha item type წიგნი

არაა ხელმისაწვდომი ეგზემპლარები.